| 000 | 00465nam a2200193Ia 4500 | ||
|---|---|---|---|
| 005 | 20140402142755.0 | ||
| 008 | 140130s9999 xx 000 0 und d | ||
| 020 | _a043934445x | ||
| 050 |
_aPZ 7 _b.C68 2001 |
||
| 100 |
_aColfer, Eoin _917202 |
||
| 245 |
_cEoin Colfer. _aArtemis fowl / |
||
| 260 |
_bScholastic, _c2001. _aUSA : |
||
| 300 |
_a277 p. : _c22 cm. |
||
| 440 |
_v1 _931035 |
||
| 521 | _aG4 | ||
| 526 | _c600 | ||
| 942 |
_cBK _2lcc |
||
| 999 |
_c40741 _d40741 |
||